000 00534cam a22002291 4500
001 sa 68018915
003 DLC
005 20260227112715.0
008 940912s1967 ii h 000 0 pano
010 _asa 68018915
025 _aPL480:I-Pu-1028
035 _a(OCoLC)31091802
040 _aDLC
_cCU
_dCU
_dDLC
042 _apremarc
050 0 0 _aBL2018
_b.S5125
100 1 _aSingh, Ganda.
245 1 0 _aHukamanāme.
260 _c1967.
300 _a252 p.
_bfacsims.
_c23 cm.
500 _aIn Panjabi.
650 0 _aSikhism.
999 _c88710
_d88710